000 00275nam a2200121Ia 4500
008 190216s9999||||xx |||||||||||||| ||und||
100 _aSree Valsan
245 0 _aPimpugalude Nadagangal
260 _bPoorna Pubs Kozhikode
300 _a85
650 _aNadakam
942 _cBK
999 _c27489
_d27489